| 000 | 01623cam a22003015a 4500 | ||
|---|---|---|---|
| 001 | 18699608 | ||
| 005 | 20160601131919.0 | ||
| 008 | 150714s2016 enka frbd 001 0 eng d | ||
| 020 | _a9781138796584 (pbk.) | ||
| 040 |
_aDLC _beng _cDLC _dEG-ScBUE |
||
| 082 | 0 | 4 |
_222 _a070.43 _bFRO |
| 100 | 1 |
_aFrost, Chris, _d1950- _937799 |
|
| 245 | 1 | 0 |
_aJournalism ethics and regulation / _cChris Frost. |
| 250 | _a4th ed. | ||
| 260 |
_aOxon ; _aNew York : _bRoutledge / Taylor & Francis Group, _c2016. |
||
| 300 |
_axiv, 430 p. : _bill. ; _c24 cm. |
||
| 500 | _aOriginally published under the title: Media ethics and self-regulation. | ||
| 500 | _aGlossary : p. [402] | ||
| 500 | _aIndex : p. [410]-430. | ||
| 504 | _aBibliography : p. [403]-409. | ||
| 505 | 0 | _aWhat are ethics? -- News: towards a definition -- Morality of reporting -- The good journalist -- Truth, accuracy, objectivity and trust -- Privacy and intrusion -- Reputation -- Gathering the news -- Reporting the vulnerable -- Deciding what to publish -- Harm and offence -- Professional practice -- Regulation -- History of print regulation in the 20th century -- History of print regulation in the 21st century -- History of broadcast regulation -- Codes of conduct as a regulatory system -- Press regulation systems in the UK and Ireland -- Broadcast regulation systems in the UK and Ireland -- The internet and journalism ethics -- The experinece abroad. | |
| 650 | 7 |
_aJournalistic ethics. _2BUEsh _937793 |
|
| 650 | 7 |
_aReporters and reporting. _2BUEsh _937383 |
|
| 650 | 0 |
_aPress law. _2BUEsh |
|
| 651 | _2BUEsh | ||
| 653 |
_bCOMAME _cMay2016 |
||
| 942 | _2ddc | ||
| 999 |
_c21842 _d21814 |
||